MARC

LEADER 00000nam0a2200000 4500
001 263824
005 20231101233756.0
020 |a RU  |b 87-70437 
035 |a (RuTPU)RU\TPU\book\286814 
090 |a 263824 
100 |a 20140611d1987 k y0rusy5003 ca 
101 0 |a rus 
102 |a RU 
105 |a ac z 001zy 
200 1 |a Вопросы теплообмена  |e избранные труды  |f Б. С. Петухов  |g Академия наук СССР (АН СССР), Отделение физико-технических проблем энергетики ; под ред. В. А. Кириллина 
210 |a Москва  |c Наука  |d 1987 
215 |a 277,[1] с.  |c ил.,[1] л. портр. 
320 |a Библиогр. в конце разделов. 
606 1 |a Теплообмен  |x Физика  |2 stltpush  |3 (RuTPU)RU\TPU\subj\59756  |9 77255 
610 1 |a теория 
610 1 |a турбулентное течение 
610 1 |a течение в каналах 
610 1 |a фазовые превращения 
610 1 |a двухфазные течения 
610 1 |a конвективный тепломассообмен 
610 1 |a конвективный теплообмен 
610 1 |a экспериментальные исследования 
675 |a 536.24  |z rus  |v 3 
700 1 |a Петухов  |b Б. С.  |g Борис Сергеевич  |4 070 
702 1 |a Кириллин  |b В. А.  |4 340 
712 0 2 |a Академия наук СССР (АН СССР)  |b Отделение физико-технических проблем энергетики  |2 stltpush  |3 (RuTPU)RU\TPU\col\722 
801 0 |a RU  |b RuMRKP  |c 19950417  |g psbo 
801 1 |a RU  |b 63413507  |c 20140611 
801 2 |a RU  |b 63413507  |c 20150403  |g RCR 
942 |c BK